00465 2200169 4500001002100000005001500021035002000036245006200056100002000118250001700138300003200155260003300187082001000220084001600230020002200246650002700268INLIS00000000000031920240602015306 a0010-06240000281 aMembuat Pakaian Tidur dan Pakaian Anak /cLisyani Affandi0 aLisyani Affandi acetakan ke-1 av, 124 hlm :bilus ;c21 cm aJakarta :bAzka Press,c2006 a646.2 a646.2 LIS m a978-979-571-119-9 4aMenjahit, Keterampilan